The tabernacle: (Record no. 2518)

000 -LEADER
fixed length control field 00779nam a2200229 a 4500
001 - CONTROL NUMBER
control field :::00000243$&:&@@
003 - CONTROL NUMBER IDENTIFIER
control field OkBaRHE
005 - DATE AND TIME OF LATEST TRANSACTION
control field 20100108135049.0
008 - FIXED-LENGTH DATA ELEMENTS--GENERAL INFORMATION
fixed length control field s1957 j 000 0 eng u
040 ## - CATALOGING SOURCE
Transcribing agency
100 1# - MAIN ENTRY--PERSONAL NAME
Personal name Moorehead, W. G.
245 14 - TITLE STATEMENT
Title The tabernacle:
Remainder of title the priesthood, sacrifices and feasts of ancient Israel.
260 ## - PUBLICATION, DISTRIBUTION, ETC. (IMPRINT)
Place of publication, distribution, etc Grand Rapids, MI., :
Name of publisher, distributor, etc Kregel Publications
Date of publication, distribution, etc 1957
300 ## - PHYSICAL DESCRIPTION
Extent 246 p. : illus. ;
Dimensions 21 cm.
650 ## - SUBJECT ADDED ENTRY--TOPICAL TERM
Topical term or geographic name as entry element Fast and feast
General subdivision Judaism.
650 ## - SUBJECT ADDED ENTRY--TOPICAL TERM
Topical term or geographic name as entry element Priest, Jewish.
650 ## - SUBJECT ADDED ENTRY--TOPICAL TERM
Topical term or geographic name as entry element Sacrifice
General subdivision Judaism.
650 ## - SUBJECT ADDED ENTRY--TOPICAL TERM
Topical term or geographic name as entry element Tabernacle.
650 ## - SUBJECT ADDED ENTRY--TOPICAL TERM
Topical term or geographic name as entry element Typology (Theology).
942 ## - ADDED ENTRY ELEMENTS (KOHA)
Source of classification or shelving scheme
Koha item type Books
Copies
Permanent Location Koha item type Current Location Damaged status Source of classification or shelving scheme Lost status Not for loan Copy number Date last seen Date acquired Total Renewals Barcode Price effective from Date checked out Full call number Withdrawn status Shelving location Total Checkouts
RHEMA Bible Training CollegeBooksRHEMA Bible Training College    12018-01-092010-04-1412432010-04-142011-12-15BM 654 .M578 General Stacks2